000 00641nam a2200265Ia 4500
005 20260121142414.0
008 008 260114s9999 xx 000 0 eng d
020 _a9789356865778
037 _aEBOOK
040 _aCRL
040 _beng
040 _cCRL
041 _2eng
041 _aeng
084 _qCRL
100 _aDr. Baviskar S.G.
_9996085
245 0 _aAdult Education In India
260 _bOxford Book Company
260 _bToday and Tomorrow
260 _c2015
856 _uhttp://asapglobe.com/Search.aspx?q=9789356865778&type=keyword
942 _cEBOOK
999 _c1563294
_d1563294